Als Belzjager im Feuerland

Guardat en:
Dades bibliogràfiques
Autor principal: Weber, Hugo (Autor)
Format: Llibre
Idioma:alemany
Publicat: Berlín August Scherl 1883
Matèries:
Etiquetes: Afegir etiqueta
Sense etiquetes, Sigues el primer a etiquetar aquest registre!

MARC

LEADER 00000cam a2200000 a 4500
001 UCF3992
003 CL-VaPUC
008 121115e18830000GW |||||||||||||||||ger|d
082 0 4 |a 910.021  |b WEB  |2 21 
100 0 |a Weber, Hugo  |e author  |9 565626 
245 1 0 |a Als Belzjager im Feuerland 
300 |a 213 p 
942 |c BK 
945 |d 20121115 00:00:00  |a dcastane 
260 |a Berlín  |b August Scherl  |c 1883 
650 7 |a CAZA  |2 CL-VaPUC  |9 342895 
650 7 |a CAZADORES  |2 CL-VaPUC  |9 366871 
650 7 |a NUTRIAS DE MAR  |2 CL-VaPUC  |9 533600 
650 0 |a Viajes y expediciones   |9 408124 
651 0 |a Tierra del Fuego   |9 345728 
583 |a last modification  |c 20121115 10:00:00  |k Rodrigo Vera 
999 |c 349998  |d 349996 
952 |0 0  |1 0  |4 0  |6 910_021000000000000_WEB_1883  |7 0  |8 X  |9 452929  |a FDOBUD  |b FDOBUD  |d 2019-11-22  |i 492021K  |o 910.021 WEB 1883  |p 492021K  |r 2019-11-22  |w 2019-11-22  |y BK_X  |k BUD